00682 a2200157 4500020001500000082001700015100002200032245007100054260005200125300003100177650002900208999001500237952009700252952008200349952009300431 a3433014507 a624.1513 SMO aSmoltczyk, Ulrich aGeotechnical engineering Handbook [vol 2]cEditor Ulrich Smoltczyk aBerlin :bErnst and Sohn A Wiley Company,c2002 axx, 787p. :bill. ;c25 cm aGeotechnical Engineering c1015d1015 00104070aNITbNITcCEd0000-00-00l0o624.1513 SMOpNIT-5432 r2017-01-05w2017-01-05yBK 00104070aNITbNITcCEd0000-00-00l0pNIT-5056r2017-01-05w2017-01-05yBK 00104070aNITbNITcCEd0000-00-00l0pNIT-5432 | NIT-5432r2017-01-05w2017-01-05yBK